<?xml version="1.0" encoding="UTF-8"?>
<record
    xmlns:xsi="http://www.w3.org/2001/XMLSchema-instance"
    xsi:schemaLocation="http://www.loc.gov/MARC21/slim http://www.loc.gov/standards/marcxml/schema/MARC21slim.xsd"
    xmlns="http://www.loc.gov/MARC21/slim">

  <leader>02696nam0a22004451  4500</leader>
  <controlfield tag="001">RU\NLR\A1\559</controlfield>
  <controlfield tag="005">20260409064832.0</controlfield>
  <datafield tag="035" ind1=" " ind2=" ">
    <subfield code="a">(NLR Aleph) 009670724</subfield>
  </datafield>
  <datafield tag="090" ind1=" " ind2=" ">
    <subfield code="a">9660055</subfield>
    <subfield code="c">9660055</subfield>
  </datafield>
  <datafield tag="100" ind1=" " ind2=" ">
    <subfield code="a">19960613d1787    m  y0rusy50      ca</subfield>
  </datafield>
  <datafield tag="101" ind1="0" ind2=" ">
    <subfield code="a">rus</subfield>
  </datafield>
  <datafield tag="102" ind1=" " ind2=" ">
    <subfield code="a">RU</subfield>
  </datafield>
  <datafield tag="135" ind1=" " ind2=" ">
    <subfield code="a">crmn mmmanaba</subfield>
  </datafield>
  <datafield tag="140" ind1=" " ind2=" ">
    <subfield code="a">y   y            mayaa0000  </subfield>
  </datafield>
  <datafield tag="200" ind1="1" ind2=" ">
    <subfield code="a">&#x421;&#x43B;&#x43E;&#x432;&#x43E; &#x43F;&#x440;&#x438; &#x442;&#x440;&#x435;&#x442;&#x44C;&#x435;&#x43C; &#x432;&#x44B;&#x43F;&#x443;&#x441;&#x43A;&#x435; &#x438;&#x437; &#x418;&#x43C;&#x43F;&#x435;&#x440;&#x430;&#x442;&#x43E;&#x440;&#x441;&#x43A;&#x430;&#x433;&#x43E; &#x421;&#x443;&#x445;&#x43E;&#x43F;&#x443;&#x442;&#x43D;&#x430;&#x433;&#x43E;, &#x448;&#x43B;&#x44F;&#x445;&#x435;&#x442;&#x43D;&#x430;&#x433;&#x43E;, &#x43A;&#x430;&#x434;&#x435;&#x442;&#x441;&#x43A;&#x430;&#x433;&#x43E; &#x43A;&#x43E;&#x440;&#x43F;&#x443;&#x441;&#x430; &#x433;[&#x43E;&#x441;&#x43F;&#x43E;&#x434;] &#x43A;&#x430;&#x434;&#x435;&#x442;&#x43E;&#x432; &#x43F;&#x44F;&#x442;&#x430;&#x433;&#x43E; &#x432;&#x43E;&#x437;&#x440;&#x43E;&#x441;&#x442;&#x430;, &#x43E;&#x43A;&#x43E;&#x43D;&#x447;&#x430;&#x432;&#x448;&#x438;&#x445; &#x441;&#x432;&#x43E;&#x435; &#x443;&#x447;&#x435;&#x43D;&#x438;&#x435;,</subfield>
    <subfield code="f">&#x413;&#x43E;&#x432;&#x43E;&#x440;&#x435;&#x43D;&#x43D;&#x43E;&#x435; &#x432; &#x41A;&#x43E;&#x440;&#x43F;&#x443;&#x441;&#x43D;&#x43E;&#x439; &#x446;&#x435;&#x440;&#x43A;&#x432;&#x438; &#x438;&#x445; &#x432; &#x437;&#x430;&#x43A;&#x43E;&#x43D;&#x435; &#x443;&#x447;&#x438;&#x442;&#x435;&#x43B;&#x435;&#x43C; &#x422;&#x440;&#x43E;&#x438;&#x446;&#x43A;&#x430;&#x433;&#x43E; &#x417;&#x435;&#x43B;&#x435;&#x43D;&#x435;&#x446;&#x43A;&#x430;&#x433;&#x43E; &#x43C;&#x43E;&#x43D;&#x430;&#x441;&#x442;&#x44B;&#x440;&#x44F; &#x430;&#x440;&#x445;&#x438;&#x43C;&#x430;&#x43D;&#x434;&#x440;&#x438;&#x442;&#x43E;&#x43C; &#x410;&#x43D;&#x442;&#x43E;&#x43D;&#x438;&#x435;&#x43C;. &#x41D;&#x43E;&#x44F;&#x431;&#x440;&#x44F; 16 &#x434;&#x43D;&#x44F; 1787 &#x433;&#x43E;&#x434;&#x430;.</subfield>
  </datafield>
  <datafield tag="210" ind1=" " ind2=" ">
    <subfield code="a">[&#x421;&#x41F;&#x431;.</subfield>
    <subfield code="c">&#x422;&#x438;&#x43F;. &#x421;&#x443;&#x445;&#x43E;&#x43F;&#x443;&#x442;. &#x43A;&#x430;&#x434;&#x435;&#x442;. &#x43A;&#x43E;&#x440;&#x43F;&#x443;&#x441;&#x430;</subfield>
    <subfield code="d">1787]</subfield>
  </datafield>
  <datafield tag="215" ind1=" " ind2=" ">
    <subfield code="a">[12] &#x441;.</subfield>
    <subfield code="d">4&#xB0;</subfield>
  </datafield>
  <datafield tag="316" ind1=" " ind2=" ">
    <subfield code="a">&#x42D;&#x43A;&#x437;. &#x420;&#x41D;&#x411; (18.111.2.275) &#x432; &#x431;&#x443;&#x43C;&#x430;&#x436;. &#x43E;&#x431;&#x43B;. &#x41D;&#x430; 1-&#x439; &#x441;. &#x43E;&#x431;&#x43B;. &#x44F;&#x440;&#x43B;&#x44B;&#x43A; &#x441; &#x448;&#x438;&#x444;&#x440;&#x43E;&#x43C; &#x420;&#x41D;&#x411;. &#x41D;&#x430; 2-&#x439; &#x441;. &#x43E;&#x431;&#x43B;. &#x44F;&#x440;&#x43B;&#x44B;&#x43A; &#x441; &#x448;&#x438;&#x444;&#x440;&#x43E;&#x43C; &#x420;&#x41D;&#x411;, &#x43D;&#x430;&#x43A;&#x43B;&#x435;&#x435;&#x43D;&#x43D;&#x44B;&#x439; &#x43F;&#x43E;&#x432;&#x435;&#x440;&#x445; &#x434;&#x440;&#x443;&#x433;&#x43E;&#x433;&#x43E; &#x44F;&#x440;&#x43B;&#x44B;&#x43A;&#x430;. &#x41D;&#x430; &#x442;&#x438;&#x442;. &#x43B;. &#x440;&#x443;&#x43A;&#x43E;&#x43F;. &#x43F;&#x43E;&#x43C;&#x435;&#x442;&#x44B; &#x438; &#x43A;&#x440;&#x443;&#x433;&#x43B;&#x44B;&#x439; &#x448;&#x442;&#x430;&#x43C;&#x43F; &#x418;&#x411;. &#x41D;&#x430; &#x442;&#x438;&#x442;. &#x43B;. &#x438; &#x43D;&#x430; &#x441;.[12] &#x43A;&#x440;&#x443;&#x433;&#x43B;&#x44B;&#x439; &#x448;&#x442;&#x430;&#x43C;&#x43F; &#x413;&#x41F;&#x411;</subfield>
    <subfield code="5">NLR: 18.111.2.275</subfield>
  </datafield>
  <datafield tag="321" ind1="1" ind2=" ">
    <subfield code="a">&#x421;&#x41A; XVIII 193</subfield>
  </datafield>
  <datafield tag="325" ind1="1" ind2=" ">
    <subfield code="a">&#x41A;&#x43E;&#x43F;&#x438;&#x44F; &#x434;&#x43E;&#x441;&#x442;&#x443;&#x43F;&#x43D;&#x430; &#x432; &#x44D;&#x43B;&#x435;&#x43A;&#x442;&#x440;&#x43E;&#x43D;&#x43D;&#x43E;&#x439; &#x431;&#x438;&#x431;&#x43B;&#x438;&#x43E;&#x442;&#x435;&#x43A;&#x435; &#x420;&#x41D;&#x411;</subfield>
  </datafield>
  <datafield tag="620" ind1=" " ind2=" ">
    <subfield code="d">&#x421;&#x430;&#x43D;&#x43A;&#x442;-&#x41F;&#x435;&#x442;&#x435;&#x440;&#x431;&#x443;&#x440;&#x433;</subfield>
  </datafield>
  <datafield tag="700" ind1=" " ind2="0">
    <subfield code="4">070</subfield>
    <subfield code="7">ca</subfield>
    <subfield code="8">rus</subfield>
    <subfield code="a">&#x410;&#x43D;&#x442;&#x43E;&#x43D;&#x438;&#x439;</subfield>
    <subfield code="c">&#x430;&#x440;&#x445;&#x438;&#x43C;&#x430;&#x43D;&#x434;&#x440;&#x438;&#x442;</subfield>
    <subfield code="f">-1802</subfield>
    <subfield code="9">188196</subfield>
    <subfield code="3">RU\NLR\AUTH\770188247</subfield>
  </datafield>
  <datafield tag="712" ind1="0" ind2="2">
    <subfield code="4">610</subfield>
    <subfield code="a">&#x421;&#x443;&#x445;&#x43E;&#x43F;&#x443;&#x442;&#x43D;&#x44B;&#x439; &#x448;&#x43B;&#x44F;&#x445;&#x435;&#x442;&#x43D;&#x44B;&#x439; &#x43A;&#x430;&#x434;&#x435;&#x442;&#x441;&#x43A;&#x438;&#x439; &#x43A;&#x43E;&#x440;&#x43F;&#x443;&#x441;</subfield>
    <subfield code="c">&#x41F;&#x435;&#x442;&#x435;&#x440;&#x431;&#x443;&#x440;&#x433;</subfield>
    <subfield code="b">&#x422;&#x438;&#x43F;&#x43E;&#x433;&#x440;&#x430;&#x444;&#x438;&#x44F;</subfield>
    <subfield code="3">RU\NLR\AUTH\880627501</subfield>
    <subfield code="9">2659869</subfield>
  </datafield>
  <datafield tag="801" ind1=" " ind2="0">
    <subfield code="a">RU</subfield>
    <subfield code="b">NLR</subfield>
    <subfield code="c">19960613</subfield>
  </datafield>
  <datafield tag="852" ind1=" " ind2=" ">
    <subfield code="a">NLR</subfield>
    <subfield code="j">18.111.2.275</subfield>
  </datafield>
  <datafield tag="856" ind1=" " ind2="0">
    <subfield code="u">http://vivaldi.nlr.ru/bx000074379/view</subfield>
  </datafield>
  <datafield tag="856" ind1=" " ind2="1">
    <subfield code="u">http://vivaldi.nlr.ru/bx000074379/cover</subfield>
  </datafield>
  <datafield tag="856" ind1=" " ind2="2">
    <subfield code="u">http://vivaldi.nlr.ru/bx000074379/text</subfield>
  </datafield>
  <datafield tag="899" ind1=" " ind2=" ">
    <subfield code="a">&#x420;&#x413;&#x411;</subfield>
  </datafield>
  <datafield tag="899" ind1=" " ind2=" ">
    <subfield code="a">&#x411;&#x410;&#x41D;</subfield>
  </datafield>
  <datafield tag="899" ind1=" " ind2=" ">
    <subfield code="a">&#x413;&#x41F;&#x418;&#x411;</subfield>
  </datafield>
  <datafield tag="901" ind1=" " ind2=" ">
    <subfield code="e">&#x41A;&#x43D;&#x438;&#x436;&#x43D;&#x44B;&#x435; &#x438;&#x437;&#x434;&#x430;&#x43D;&#x438;&#x44F;</subfield>
  </datafield>
  <datafield tag="942" ind1=" " ind2=" ">
    <subfield code="c">BOOK</subfield>
  </datafield>
  <datafield tag="980" ind1=" " ind2=" ">
    <subfield code="a">NB</subfield>
  </datafield>
  <datafield tag="980" ind1=" " ind2=" ">
    <subfield code="a">A1XVIIIv</subfield>
  </datafield>
  <datafield tag="981" ind1="2" ind2="2">
    <subfield code="a">(22) &#x41C;&#x430;&#x442;&#x435;&#x440;&#x438;&#x430;&#x43B;&#x44B; &#x43F;&#x43E; &#x438;&#x441;&#x442;&#x43E;&#x440;&#x438;&#x438; &#x420;&#x43E;&#x441;&#x441;&#x438;&#x438;</subfield>
    <subfield code="b">(22) &#x420;&#x435;&#x43B;&#x438;&#x433;&#x438;&#x43E;&#x437;&#x43D;&#x44B;&#x435; &#x43A;&#x43E;&#x43D;&#x444;&#x435;&#x441;&#x441;&#x438;&#x438;</subfield>
  </datafield>
  <datafield tag="981" ind1="2" ind2="2">
    <subfield code="a">(22) &#x41C;&#x430;&#x442;&#x435;&#x440;&#x438;&#x430;&#x43B;&#x44B; &#x43F;&#x43E; &#x438;&#x441;&#x442;&#x43E;&#x440;&#x438;&#x438; &#x420;&#x43E;&#x441;&#x441;&#x438;&#x438;</subfield>
    <subfield code="b">(22) &#x418;&#x441;&#x442;&#x43E;&#x440;&#x438;&#x44F; &#x420;&#x43E;&#x441;&#x441;&#x438;&#x438; &#x434;&#x43E; 25 &#x43E;&#x43A;&#x442;&#x44F;&#x431;&#x440;&#x44F; (7 &#x43D;&#x43E;&#x44F;&#x431;&#x440;&#x44F;) 1917 &#x433;&#x43E;&#x434;&#x430;</subfield>
  </datafield>
  <datafield tag="981" ind1="2" ind2="0">
    <subfield code="a">(20) &#x41A;&#x43D;&#x438;&#x436;&#x43D;&#x44B;&#x435; &#x43F;&#x430;&#x43C;&#x44F;&#x442;&#x43D;&#x438;&#x43A;&#x438; &#x420;&#x41D;&#x411;</subfield>
  </datafield>
  <datafield tag="995" ind1=" " ind2=" ">
    <subfield code="5">2016-05-13</subfield>
    <subfield code="b">NLR02</subfield>
    <subfield code="c">NLR02</subfield>
    <subfield code="e">RFS</subfield>
    <subfield code="f">9670724-10</subfield>
    <subfield code="k">18.111.2.275</subfield>
    <subfield code="o">0</subfield>
    <subfield code="r">BOOK</subfield>
    <subfield code="s">181112275_</subfield>
  </datafield>
</record>
